| 000 | 01435nam a22004337a 4500 | ||
|---|---|---|---|
| 001 | 270 | ||
| 003 | FISKH | ||
| 005 | 20230313161828.0 | ||
| 008 | 230313b cb ||||| |||| 00| 0 eng d | ||
| 010 | _a 2016003000 | ||
| 020 | _a9781499803938 (hardcover) | ||
| 020 | _a9781499803686 (pbk.) | ||
| 040 |
_aDLC _beng _cDLC _erda _dDLC _dFISKH |
||
| 042 |
_alcac _apcc |
||
| 050 | 0 | 0 |
_aPZ7.1.K509 _bCav 2017 |
| 082 | 0 | 0 |
_a813.6 _223 |
| 100 | 1 |
_aKent, Jaden, _eauthor. |
|
| 245 | 1 | 4 |
_aThe cave of Aaaaah! Doom! / _cby Jaden Kent ; illustrated by Iryna Bodnaruk. |
| 250 | _aFirst edition. | ||
| 264 | 1 |
_aNew York _bLittle Bee Books _c2017 |
|
| 300 |
_a94 pages : _billustrations ; _c19 cm. |
||
| 336 |
_atext _2rdacontent |
||
| 336 |
_astill image _2rdacontent |
||
| 337 |
_aunmediated _2rdamedia |
||
| 338 |
_avolume _2rdacarrier |
||
| 490 | 0 |
_aElla and Owen ; _vbook 1 |
|
| 520 | _aA young dragon named Ella convinces her twin brother Owen to join her on a bold quest to find a wizard that will help cure Owen of his flaming cold. | ||
| 521 | 1 |
_a640
_bLexile |
|
| 521 | 1 |
_aM
_bRaz-Plus |
|
| 650 | 1 |
_aDragons _vFiction. |
|
| 650 | 1 |
_aSiblings _vFiction. |
|
| 650 | 1 |
_aTwins _vFiction. |
|
| 650 | 1 |
_aAdventure and adventurers _vFiction. |
|
| 650 | 1 |
_aMagic _vFiction. |
|
| 650 | 1 | _aHumorous stories. | |
| 700 | 1 |
_aBodnaruk, Iryna, _eillustrator. |
|
| 906 |
_a7 _bcbc _corignew _d1 _eecip _f20 _gy-gencatlg |
||
| 942 |
_2ddc _cBK _n0 |
||
| 999 |
_c270 _d270 |
||